[Event "4NCL Division 2a"]
[Site "Puma Hotel, Hinckley Island EN"]
[Date "2013.03.23"]
[Round "7.38"]
[White "David, Ivan"]
[Black "Thorpe, Thomas G"]
[Result "1-0"]
[WhiteElo "1777"]
[BlackElo "1863"]
[PlyCount "63"]
[EventDate "2013.03.23"]
[WhiteTeam "Pandora's Box Grantham"]
[BlackTeam "Rhyfelwyr Essyllwg 1"]

1. d4 g6 2. c4 Bg7 3. g3 c5 4. e3 Nf6 5. Bg2 O-O 6. Nc3 cxd4 7. exd4 d6 8. Nge2
Nc6 9. O-O Bf5 10. h3 h5 11. Be3 Qc8 12. Kh2 Nb4 13. b3 Nc2 14. Rc1 Nxe3 15.
fxe3 Bh6 16. e4 Bxc1 17. Qxc1 Bd7 18. Qh6 Nh7 19. Nd5 Qd8 20. e5 Bf5 21. Rxf5
gxf5 22. Nef4 Kh8 23. e6 Rc8 24. Nxh5 Rg8 25. exf7 Rg5 26. Nhf4 Qf8 27. Ng6+
Rxg6 28. Qxg6 e5 29. dxe5 dxe5 30. Qxf5 Kg7 31. Be4 Qh8 32. Qg6+ 1-0

[Event "4NCL Division 2a"]
[Site "Puma Hotel, Hinckley Island EN"]
[Date "2013.03.23"]
[Round "7.41"]
[White "Ivell, Nicholas W"]
[Black "Swanson, Stephen"]
[Result "1/2-1/2"]
[WhiteElo "2320"]
[BlackElo "2253"]
[PlyCount "123"]
[EventDate "2013.03.23"]
[WhiteTeam "Spirit of Atticus"]
[BlackTeam "Poisoned Pawns"]

1. e4 g6 2. Nc3 Bg7 3. g3 e5 4. d3 Ne7 5. Bg2 c6 6. Nf3 d5 7. O-O O-O 8. Re1
dxe4 9. dxe4 Qc7 10. a4 Rd8 11. Qe2 Nd7 12. Be3 Nf8 13. Rad1 Bg4 14. Qc4 Ne6
15. h3 Bxf3 16. Bxf3 h5 17. h4 b6 18. Ne2 c5 19. Nc3 Rxd1 20. Bxd1 Nd4 21. Bxd4
exd4 22. Nb5 Qd7 23. e5 Rf8 24. e6 fxe6 25. Qxe6+ Qxe6 26. Rxe6 Kf7 27. Re1 Nf5
28. Bf3 Rd8 29. Nxa7 d3 30. Nc6 Rd6 31. cxd3 Rxd3 32. Be2 Rd2 33. Bc4+ Kf8 34.
b3 Nd4 35. Nxd4 Bxd4 36. Re2 Rxe2 37. Bxe2 Kf7 38. Bd3 Kf6 39. Kg2 Bc3 40. f3
Be1 41. Kh3 Bd2 42. g4 Bf4 43. Bb5 Kf7 44. Kg2 Bc7 45. Bc4+ Kf6 46. Kf2 Bf4 47.
Bb5 Kf7 48. Bc6 Bd6 49. Bd5+ Kg7 50. Be6 Bf4 51. Bc4 Kf6 52. Be2 g5 53. hxg5+
Kxg5 54. gxh5 Kxh5 55. Bf1 Kg5 56. Ke2 Kf5 57. Kd3 Ke5 58. Kc4 Bd2 59. Bd3 Kf4
60. Be4 Ke5 61. Kb5 Ba5 62. Kc4 1/2-1/2

[Event "4NCL Division 2a"]
[Site "Puma Hotel, Hinckley Island EN"]
[Date "2013.03.23"]
[Round "7.42"]
[White "Byway, Paul V"]
[Black "Carleton, John J"]
[Result "1/2-1/2"]
[WhiteElo "2157"]
[BlackElo "2277"]
[PlyCount "33"]
[EventDate "2013.03.23"]
[WhiteTeam "Poisoned Pawns"]
[BlackTeam "Spirit of Atticus"]

1. Nf3 d5 2. g3 Nc6 3. d4 Bf5 4. Bg2 Qd7 5. Ne5 Nxe5 6. dxe5 e6 7. e4 dxe4 8.
Qxd7+ Kxd7 9. Be3 Ne7 10. Nc3 Nc6 11. O-O-O+ Ke8 12. Nxe4 Nxe5 13. Bf4 Nc4 14.
Rd4 Bxe4 15. Bxe4 Nd6 16. Bxd6 Bxd6 17. Bxb7 1/2-1/2

[Event "4NCL Division 2a"]
[Site "Puma Hotel, Hinckley Island EN"]
[Date "2013.03.23"]
[Round "7.43"]
[White "Mitchell, Martin"]
[Black "Goodger, Martyn"]
[Result "1/2-1/2"]
[WhiteElo "2213"]
[BlackElo "2086"]
[PlyCount "103"]
[EventDate "2013.03.23"]
[WhiteTeam "Spirit of Atticus"]
[BlackTeam "Poisoned Pawns"]

1. d4 f5 2. g3 Nf6 3. Bg2 e6 4. Nf3 Be7 5. O-O O-O 6. c4 d6 7. Nc3 Ne4 8. Qc2
Nxc3 9. Qxc3 Bf6 10. b4 c5 11. bxc5 dxc5 12. Be3 Nc6 13. Rfd1 Qc7 14. Qa3 cxd4
15. Nxd4 Nxd4 16. Bxd4 a5 17. Bxf6 Rxf6 18. e4 Bd7 19. Qd6 Qxd6 20. Rxd6 Bc8
21. Rd8+ Rf8 22. Rad1 g6 23. Rxf8+ Kxf8 24. Rd8+ Ke7 25. Rh8 h5 26. e5 a4 27.
Rh7+ Kd8 28. Bxb7 Bxb7 29. Rxb7 a3 30. Rb4 Kc7 31. Kf1 Kc6 32. f4 Kc5 33. Rb5+
Kxc4 34. Rb6 Kd5 35. Ke2 Ra4 36. Rd6+ Ke4 37. Rxe6 Rb4 38. Rxg6 Rb2+ 39. Kd1
Rxa2 40. Ra6 Ra1+ 41. Kc2 Ra2+ 42. Kc3 Rxh2 43. e6 Kd5 44. e7 Re2 45. Ra5+ Kd6
46. Rxa3 Kxe7 47. Kd4 Re4+ 48. Kd5 h4 49. Ra7+ Kf6 50. Ra6+ Kg7 51. gxh4 Rxf4
52. Ke5 1/2-1/2

[Event "4NCL Division 2a"]
[Site "Puma Hotel, Hinckley Island EN"]
[Date "2013.03.23"]
[Round "7.44"]
[White "McEwan, Ken B"]
[Black "Jackson, Sheila"]
[Result "1/2-1/2"]
[WhiteElo "2100"]
[BlackElo "2177"]
[PlyCount "34"]
[EventDate "2013.03.23"]
[WhiteTeam "Poisoned Pawns"]
[BlackTeam "Spirit of Atticus"]

1. d4 Nf6 2. c4 e6 3. Nf3 b6 4. Bg5 Bb7 5. e3 Be7 6. Nc3 Ne4 7. Bxe7 Qxe7 8.
Bd3 Nxc3 9. bxc3 f5 10. a4 a5 11. Qe2 O-O 12. e4 fxe4 13. Bxe4 Bxe4 14. Qxe4
Nc6 15. O-O Rae8 16. Rfe1 Qf7 17. Ra2 Qf4 1/2-1/2

[Event "4NCL Division 2a"]
[Site "Puma Hotel, Hinckley Island EN"]
[Date "2013.03.23"]
[Round "7.45"]
[White "Latham, David"]
[Black "Rosen, Daniel B"]
[Result "1/2-1/2"]
[WhiteElo "2143"]
[BlackElo "2085"]
[PlyCount "34"]
[EventDate "2013.03.23"]
[WhiteTeam "Spirit of Atticus"]
[BlackTeam "Poisoned Pawns"]

1. e4 g6 2. d4 Bg7 3. Nf3 d6 4. Nc3 Nf6 5. Bc4 O-O 6. Bb3 Bg4 7. h3 Bxf3 8.
Qxf3 Nc6 9. Be3 Nd7 10. Ne2 Na5 11. O-O Nxb3 12. axb3 c5 13. dxc5 Nxc5 14. Bd4
Qd7 15. Bxg7 Kxg7 16. b4 Ne6 17. Nf4 Nxf4 1/2-1/2

[Event "4NCL Division 2a"]
[Site "Puma Hotel, Hinckley Island EN"]
[Date "2013.03.23"]
[Round "7.46"]
[White "McCorry, Robert T"]
[Black "Mort, Andrew J"]
[Result "1/2-1/2"]
[WhiteElo "2076"]
[BlackElo "2021"]
[PlyCount "58"]
[EventDate "2013.03.23"]
[WhiteTeam "Poisoned Pawns"]
[BlackTeam "Spirit of Atticus"]

1. e4 c6 2. d4 d5 3. Nd2 dxe4 4. Nxe4 Nf6 5. Nxf6+ gxf6 6. c3 Qd5 7. Be3 Rg8 8.
Ne2 Bg4 9. Qd2 e5 10. Ng3 Nd7 11. f3 Be6 12. Ne4 exd4 13. Bxd4 O-O-O 14. c4 Qh5
15. O-O-O Bh6 16. Nd6+ Kc7 17. Be3 Bxe3 18. Qxe3 Qa5 19. Qf4 Qe5 20. g3 Nc5 21.
Ne4 Qxf4+ 22. gxf4 Rxd1+ 23. Kxd1 Nxe4 24. fxe4 Rg4 25. f5 Bd7 26. Bd3 c5 27.
Re1 Kd6 28. Kd2 Bc6 29. Re3 Rg2+ 1/2-1/2

[Event "4NCL Division 2a"]
[Site "Puma Hotel, Hinckley Island EN"]
[Date "2013.03.23"]
[Round "7.47"]
[White "Ackley, Peter JE"]
[Black "McMahon, Paul"]
[Result "1-0"]
[WhiteElo "2029"]
[BlackElo "1992"]
[PlyCount "55"]
[EventDate "2013.03.23"]
[WhiteTeam "Spirit of Atticus"]
[BlackTeam "Poisoned Pawns"]

1. f4 d5 2. Nf3 Nf6 3. e3 Bf5 4. b3 Nbd7 5. Bb2 e6 6. Be2 Bd6 7. O-O Qe7 8. c4
dxc4 9. bxc4 c5 10. d3 e5 11. fxe5 Nxe5 12. Nxe5 Bxe5 13. d4 Bxh2+ 14. Kxh2 Bd7
15. dxc5 Qxe3 16. Bf3 O-O-O 17. Qb3 Qf4+ 18. Kg1 Qc7 19. Bxf6 gxf6 20. Nc3
Qxc5+ 21. Kh1 Bc6 22. Nd5 h5 23. Rae1 Kb8 24. Nb4 Kc7 25. Bxc6 a5 26. Na6+ bxa6
27. Qb7+ Kd6 28. Rxf6# 1-0

[Event "4NCL Division 2a"]
[Site "Puma Hotel, Hinckley Island EN"]
[Date "2013.03.23"]
[Round "7.48"]
[White "Sucikova, Svetlana"]
[Black "Robertson, David J"]
[Result "1-0"]
[WhiteElo "1860"]
[BlackElo "1939"]
[PlyCount "105"]
[EventDate "2013.03.23"]
[WhiteTeam "Poisoned Pawns"]
[BlackTeam "Spirit of Atticus"]

1. c4 c5 2. Nc3 Nc6 3. Nf3 g6 4. g3 Bg7 5. Bg2 e5 6. d3 Nge7 7. O-O d6 8. Nd2
Be6 9. a3 Qd7 10. Nde4 h6 11. Nb5 Nc8 12. Rb1 f5 13. Nd2 a6 14. Nc3 a5 15. Nd5
Rb8 16. Qa4 O-O 17. Re1 Kh8 18. b4 axb4 19. axb4 b5 20. cxb5 Nxb4 21. Nxb4 cxb4
22. Qxb4 d5 23. Ba3 Rd8 24. Qa5 Nb6 25. Rec1 Qb7 26. Rc6 Bf7 27. Bd6 Rxd6 28.
Rxd6 Bf8 29. Rc6 Be8 30. Rcc1 e4 31. dxe4 dxe4 32. Nb3 Nd5 33. Nc5 Qb6 34. Qd2
Bxc5 35. Qxd5 Bxf2+ 36. Kh1 Bd4 37. Rd1 Bg7 38. g4 Qf6 39. gxf5 Bf7 40. Qxe4
gxf5 41. Qf4 Qe5 42. Qxe5 Bxe5 43. Rf1 f4 44. b6 Bc4 45. Bf3 Kg7 46. b7 Re8 47.
Rbc1 Be6 48. Rg1+ Kf6 49. Be4 Bd6 50. Rg6+ Ke5 51. Bf3 Rh8 52. Ra1 Bb8 53. Ra5+
1-0

[Event "4NCL Division 2b"]
[Site "Puma Hotel, Hinckley Island EN"]
[Date "2013.03.23"]
[Round "7.51"]
[White "Richardson, John R"]
[Black "Coathup, Roger H"]
[Result "1-0"]
[WhiteElo "2320"]
[BlackElo "2123"]
[PlyCount "79"]
[EventDate "2013.03.23"]
[WhiteTeam "The AD's"]
[BlackTeam "North East England"]

1. d4 Nf6 2. c4 g6 3. g3 c5 4. d5 b5 5. cxb5 a6 6. bxa6 Bg7 7. Bg2 d6 8. Nc3
Bxa6 9. Nf3 Nbd7 10. Rb1 Nb6 11. b3 Bc8 12. Nh4 h6 13. Qc2 Qd7 14. Bb2 g5 15.
Nf3 Bb7 16. Rd1 O-O 17. O-O Nfxd5 18. Nxd5 Nxd5 19. Bxg7 Kxg7 20. Nxg5 Nf6 21.
Bxb7 Qxb7 22. Nf3 Qe4 23. Rd3 Ra3 24. Qb2 Rfa8 25. Re3 Qb7 26. Nh4 Rxa2 27.
Nf5+ Kf8 28. Qc1 Ng8 29. Qc3 f6 30. Rxe7 Qd5 31. e4 Qd2 32. Qxd2 Rxd2 33. Rd7
Ra6 34. b4 Ke8 35. Rg7 Kf8 36. bxc5 dxc5 37. Rb1 Rd8 38. Rbb7 Raa8 39. Rgf7+
Ke8 40. Ng7# 1-0

[Event "4NCL Division 2b"]
[Site "Puma Hotel, Hinckley Island EN"]
[Date "2013.03.23"]
[Round "7.52"]
[White "Prasath, Malola TS"]
[Black "Wheeler, Darren P"]
[Result "1/2-1/2"]
[WhiteElo "2076"]
[BlackElo "2284"]
[PlyCount "79"]
[EventDate "2013.03.23"]
[WhiteTeam "North East England"]
[BlackTeam "The AD's"]

1. e4 e6 2. d4 d5 3. exd5 exd5 4. Nf3 Bd6 5. Bd3 Nc6 6. O-O Bg4 7. Re1+ Nge7 8.
c3 Qd7 9. h3 Bh5 10. b4 Bg6 11. Bg5 f6 12. Bh4 O-O 13. Bg3 Bxg3 14. fxg3 Rae8
15. Nh4 Bxd3 16. Qxd3 g5 17. Nf3 Ng6 18. Nbd2 Kg7 19. Rxe8 Rxe8 20. Re1 Rxe1+
21. Nxe1 Nge7 22. Nb3 b6 23. Qa6 Nf5 24. Qd3 Nd6 25. Nd2 Qe7 26. Kf2 Ne4+ 27.
Nxe4 dxe4 28. Qb5 Qe6 29. a4 Ne7 30. Qe8 Qa2+ 31. Kg1 Qf7 32. Qxf7+ Kxf7 33.
Nc2 f5 34. Kf2 Ke6 35. c4 f4 36. b5 Nf5 37. gxf4 gxf4 38. Ke2 Nh4 39. Ne1 Nf5
40. Nc2 1/2-1/2

[Event "4NCL Division 2b"]
[Site "Puma Hotel, Hinckley Island EN"]
[Date "2013.03.23"]
[Round "7.53"]
[White "Snape, Ian L"]
[Black "Davey, Mark"]
[Result "0-1"]
[WhiteElo "2249"]
[BlackElo "1999"]
[PlyCount "74"]
[EventDate "2013.03.23"]
[WhiteTeam "The AD's"]
[BlackTeam "North East England"]

1. d4 e6 2. e4 d5 3. Nc3 Bb4 4. e5 c5 5. a3 Bxc3+ 6. bxc3 Qc7 7. Qg4 cxd4 8.
Qxg7 Qxc3+ 9. Kd1 Qxa1 10. Qxh8 Kf8 11. Nf3 Nc6 12. Bd3 Nce7 13. Ng5 Bd7 14.
Qxh7 Be8 15. Ke2 Qc3 16. Nxe6+ fxe6 17. Bh6+ Nxh6 18. Qxh6+ Kg8 19. Bh7+ Kh8
20. h4 Ng8 21. Bxg8+ Kxg8 22. Qxe6+ Bf7 23. Qf5 Re8 24. f4 Qe3+ 25. Kd1 d3 26.
cxd3 d4 27. Kc2 Qe2+ 28. Kc1 Re6 29. Qg5+ Rg6 30. e6 Rxg5 31. exf7+ Kxf7 32.
fxg5 Qxd3 33. h5 Qxa3+ 34. Kb1 Qb4+ 35. Kc1 Qc5+ 36. Kb1 Qxg5 37. h6 Qxg2 0-1

[Event "4NCL Division 2b"]
[Site "Puma Hotel, Hinckley Island EN"]
[Date "2013.03.23"]
[Round "7.55"]
[White "Swindells, Jonathan E"]
[Black "Plater, Ron"]
[Result "1-0"]
[WhiteElo "2167"]
[BlackElo "1934"]
[PlyCount "83"]
[EventDate "2013.03.23"]
[WhiteTeam "The AD's"]
[BlackTeam "North East England"]

1. e4 e6 2. d3 d5 3. Nd2 b6 4. Ngf3 Bb7 5. c3 c5 6. Qc2 Nc6 7. Be2 Rc8 8. O-O
Nf6 9. Re1 Be7 10. Nf1 O-O 11. Bf4 Nh5 12. Bd2 g6 13. Bh6 Re8 14. Qc1 Qc7 15.
Bd1 Red8 16. e5 Ng7 17. h4 Nf5 18. Bg5 Bxg5 19. hxg5 Kg7 20. Qf4 d4 21. c4 Nb4
22. Qd2 Rh8 23. a3 Nc6 24. g4 Nfe7 25. Qf4 Ng8 26. Ng3 Nd8 27. Nd2 h6 28. gxh6+
Rxh6 29. g5 Rh7 30. Bf3 Nc6 31. Kg2 Nce7 32. Rh1 Rxh1 33. Rxh1 Bxf3+ 34. Nxf3
Qc6 35. Ne4 Nf5 36. Nf6 a6 37. Rh7+ Kf8 38. Rh8 Ke7 39. Nxg8+ Kd7 40. Nf6+ Kc7
41. Rxc8+ Kxc8 42. Qe4 1-0

[Event "4NCL Division 2b"]
[Site "Puma Hotel, Hinckley Island EN"]
[Date "2013.03.23"]
[Round "7.61"]
[White "Rudd, Jack"]
[Black "Jones, Victor GL"]
[Result "1-0"]
[WhiteElo "2285"]
[BlackElo "2240"]
[PlyCount "105"]
[EventDate "2013.03.23"]
[WhiteTeam "Bristol 1"]
[BlackTeam "KJCA Kings"]

1. e4 c5 2. Nf3 d6 3. d4 Nf6 4. Nc3 cxd4 5. Nxd4 a6 6. Be3 e5 7. Nb3 Be6 8. f3
Be7 9. Qd2 O-O 10. O-O-O Nbd7 11. g4 b5 12. h4 b4 13. Nd5 Bxd5 14. exd5 a5 15.
Bb5 a4 16. Na1 Nb6 17. Bc6 Ra5 18. Bxb6 Qxb6 19. Kb1 Rc8 20. Qg2 Rxc6 21. dxc6
Nd5 22. f4 Qxc6 23. Rd2 e4 24. Rd4 Bf6 25. Rxe4 a3 26. Rhe1 g6 27. h5 Ra8 28.
bxa3 bxa3 29. Nb3 Nc3+ 30. Kc1 Nxa2+ 31. Kd2 d5 32. Re5 Qc3+ 33. Kd1 Bxe5 34.
Rxe5 Nb4 35. Qe2 Kf8 36. Re3 Qb2 37. Qd2 Qb1+ 38. Nc1 Na2 39. Qxd5 Qxc1+ 40.
Ke2 Qxc2+ 41. Kf3 Rc8 42. Qe5 Qc6+ 43. Kg3 Kg8 44. h6 f6 45. Qe7 Qc7 46. Qe6+
Kf8 47. Qxf6+ Qf7 48. Qd6+ Kg8 49. Re7 Rc3+ 50. Kf2 Rc2+ 51. Ke1 Nc3 52. Qd8+
Qf8 53. Rg7+ 1-0

[Event "4NCL Division 2b"]
[Site "Puma Hotel, Hinckley Island EN"]
[Date "2013.03.23"]
[Round "7.62"]
[White "Foord, Dominic"]
[Black "Buckley, David E"]
[Result "0-1"]
[WhiteElo "2099"]
[BlackElo "2257"]
[PlyCount "56"]
[EventDate "2013.03.23"]
[WhiteTeam "KJCA Kings"]
[BlackTeam "Bristol 1"]

1. d4 Nf6 2. c4 e6 3. Nf3 d5 4. Nc3 dxc4 5. g3 a6 6. Bg2 b5 7. O-O Bb7 8. Qc2
c5 9. Rd1 Qb6 10. Bg5 Nbd7 11. e4 cxd4 12. Rxd4 Bc5 13. Rd2 h6 14. e5 Nd5 15.
Nxd5 Bxd5 16. Rxd5 exd5 17. e6 fxe6 18. Qg6+ Kf8 19. Bh3 Re8 20. Kg2 hxg5 21.
Re1 Rh6 22. Qxg5 b4 23. Nh4 Kg8 24. Nf5 Rh7 25. Qg6 Nf6 26. f4 Qc6 27. Nxg7
Rxg7 28. Qxf6 d4+ 0-1

[Event "4NCL Division 2b"]
[Site "Puma Hotel, Hinckley Island EN"]
[Date "2013.03.23"]
[Round "7.63"]
[White "Beaumont, Chris R"]
[Black "Jones, William EG"]
[Result "1/2-1/2"]
[WhiteElo "2273"]
[BlackElo "2111"]
[PlyCount "67"]
[EventDate "2013.03.23"]
[WhiteTeam "Bristol 1"]
[BlackTeam "KJCA Kings"]

1. Nf3 Nf6 2. c4 g6 3. Nc3 Bg7 4. e4 d6 5. d4 O-O 6. Be2 e5 7. Be3 Nbd7 8. O-O
Re8 9. d5 Nh5 10. g3 Bf8 11. Ne1 Ng7 12. Nd3 f5 13. f3 Be7 14. Qd2 g5 15. g4
fxg4 16. fxg4 Nf8 17. c5 Ng6 18. cxd6 cxd6 19. Rac1 Bd7 20. a4 a6 21. a5 Qxa5
22. Bxg5 Bxg5 23. Qxg5 Qb6+ 24. Kh1 Rf8 25. Rf5 Qd8 26. Rxf8+ Kxf8 27. Rf1+ Kg8
28. Rf6 Ne8 29. Rxg6+ hxg6 30. Qxg6+ Kh8 31. Qh6+ Kg8 32. Qg6+ Kh8 33. Qh6+ Kg8
34. Qg6+ 1/2-1/2

[Event "4NCL Division 2b"]
[Site "Puma Hotel, Hinckley Island EN"]
[Date "2013.03.23"]
[Round "7.65"]
[White "Collier, David O"]
[Black "Bayliss, Lyall CP"]
[Result "1-0"]
[WhiteElo "2075"]
[BlackElo "1944"]
[PlyCount "77"]
[EventDate "2013.03.23"]
[WhiteTeam "Bristol 1"]
[BlackTeam "KJCA Kings"]

1. d4 Nf6 2. Bg5 e6 3. Nd2 h6 4. Bh4 c5 5. e3 Nc6 6. c3 b6 7. Ne4 Be7 8. Bxf6
Bxf6 9. Nd6+ Ke7 10. dxc5 bxc5 11. Ne4 Be5 12. Nxc5 d5 13. Nf3 Bd6 14. Nb3 Qb6
15. Be2 a5 16. O-O Rb8 17. Re1 Bd7 18. Bf1 a4 19. Nbd2 Qxb2 20. e4 d4 21. cxd4
Nxd4 22. Nc4 Nxf3+ 23. Qxf3 Qb4 24. Nxd6 Qxd6 25. e5 Qc5 26. Rac1 Qb4 27. Red1
Rhd8 28. a3 Qb2 29. Qg3 g5 30. h4 Rb3 31. f3 Rxa3 32. hxg5 Rg8 33. Qf4 Qb6+ 34.
Kh2 Rxg5 35. Rxd7+ Kxd7 36. Qxf7+ Kd8 37. Qf8+ Kd7 38. Bb5+ Qxb5 39. Qc8+ 1-0

[Event "4NCL Division 2b"]
[Site "Puma Hotel, Hinckley Island EN"]
[Date "2013.03.23"]
[Round "7.66"]
[White "Maguire, Robert"]
[Black "Dilleigh, Stephen P"]
[Result "1/2-1/2"]
[WhiteElo "1956"]
[BlackElo "2112"]
[PlyCount "88"]
[EventDate "2013.03.23"]
[WhiteTeam "KJCA Kings"]
[BlackTeam "Bristol 1"]

1. e4 e6 2. d4 d5 3. Nc3 Nf6 4. e5 Nfd7 5. f4 c5 6. Nf3 Nc6 7. Be3 Qb6 8. Na4
Qa5+ 9. c3 b6 10. a3 c4 11. b4 cxb3 12. Qxb3 Ba6 13. Nb2 Bxf1 14. Kxf1 Qa6+ 15.
Kf2 Na5 16. Qc2 Rc8 17. Rhc1 Be7 18. Nd2 O-O 19. Qd3 Qxd3 20. Nxd3 Rc7 21. Nb2
Rfc8 22. Nd1 f5 23. Ke2 h6 24. Kd3 Kf7 25. Nb2 b5 26. a4 Nc4 27. Nbxc4 bxc4+
28. Kc2 Rb8 29. Rcb1 Rcb7 30. Rxb7 Rxb7 31. Nb1 Rb6 32. Na3 a6 33. Nb1 g5 34.
g3 Nf8 35. Nd2 g4 36. Bf2 Nd7 37. Be3 Rb7 38. Nf1 Nb8 39. Bc1 Nc6 40. Nd2 Na5
41. Rb1 Ke8 42. Rxb7 Nxb7 43. Kb2 Kd7 44. Ka2 Kc6 1/2-1/2

[Event "4NCL Division 2b"]
[Site "Puma Hotel, Hinckley Island EN"]
[Date "2013.03.23"]
[Round "7.67"]
[White "Thompson, Robert"]
[Black "Rao, Raunak"]
[Result "1-0"]
[WhiteElo "1948"]
[BlackElo "1745"]
[PlyCount "103"]
[EventDate "2013.03.23"]
[WhiteTeam "Bristol 1"]
[BlackTeam "KJCA Kings"]

1. Nf3 d5 2. g3 Nf6 3. Bg2 e6 4. O-O Be7 5. c4 O-O 6. d4 dxc4 7. Ne5 Nc6 8.
Nxc6 bxc6 9. Bxc6 Rb8 10. Nc3 Rb6 11. Bg2 Bd7 12. e4 a6 13. Qe2 Bb4 14. Be3
Bxc3 15. bxc3 Rb8 16. Rfd1 Ba4 17. Rd2 Qe7 18. Qxc4 Bb5 19. Qb4 Qxb4 20. cxb4
Bc6 21. d5 exd5 22. exd5 Ba8 23. Bc5 Rfd8 24. Rad1 Rd7 25. d6 cxd6 26. Rxd6
Rxd6 27. Rxd6 Bxg2 28. Kxg2 Ra8 29. Kf3 h6 30. g4 Nh7 31. h4 Nf8 32. Ke4 Ne6
33. Kd5 Rc8 34. Be3 Rc2 35. a4 Rb2 36. Kc4 a5 37. bxa5 Nc7 38. Rb6 Ra2 39. Kb3
Ra1 40. Rb8+ Kh7 41. Bb6 Nd5 42. h5 f6 43. Bd4 Rd1 44. Kc4 Nc7 45. Rb7 Ne8 46.
Rd7 Rc1+ 47. Bc3 Rb1 48. a6 Rb8 49. a7 Ra8 50. Kb5 Rc8 51. Ba5 Kg8 52. Kb6 1-0

[Event "4NCL Division 2b"]
[Site "Puma Hotel, Hinckley Island EN"]
[Date "2013.03.23"]
[Round "7.71"]
[White "Croad, Nicolas"]
[Black "Milliet, Sophie"]
[Result "0-1"]
[WhiteElo "2272"]
[BlackElo "2401"]
[PlyCount "80"]
[EventDate "2013.03.23"]
[WhiteTeam "White Rose 2"]
[BlackTeam "3Cs 1"]

1. d4 d5 2. c4 Nc6 3. Nc3 dxc4 4. Nf3 Nf6 5. Bg5 h6 6. Bh4 Nd5 7. e4 Nxc3 8.
bxc3 g5 9. Bg3 Bg7 10. Bxc4 O-O 11. h4 g4 12. Nh2 Na5 13. Be2 c5 14. O-O cxd4
15. Bxg4 d3 16. Bxc8 Rxc8 17. Qh5 Nc4 18. Ng4 Qb6 19. Rfd1 d2 20. Rab1 Qg6 21.
Qxg6 fxg6 22. Rb3 h5 23. Nh2 Na5 24. Rb5 Bxc3 25. Nf3 Nc4 26. Kf1 Rfd8 27. Ke2
Nb2 28. Rxd2 Bxd2 29. Rxb2 Ba5 30. Ne5 Kg7 31. Nf3 b6 32. Ng5 Rc6 33. Be5+ Kg8
34. g3 Rdc8 35. Kf1 Rc2 36. Rb3 Rxa2 37. g4 hxg4 38. Rg3 Rc1+ 39. Kg2 Be1 40.
Rd3 Rxf2+ 0-1

[Event "4NCL Division 2b"]
[Site "Puma Hotel, Hinckley Island EN"]
[Date "2013.03.23"]
[Round "7.72"]
[White "Ashton, Adam G"]
[Black "Adams, David M"]
[Result "1/2-1/2"]
[WhiteElo "2367"]
[BlackElo "2216"]
[PlyCount "47"]
[EventDate "2013.03.23"]
[WhiteTeam "3Cs 1"]
[BlackTeam "White Rose 2"]

1. e4 d6 2. d4 Nf6 3. Nc3 e5 4. dxe5 dxe5 5. Qxd8+ Kxd8 6. Bg5 Be6 7. f4 exf4
8. Nge2 h6 9. Bxf4 Nbd7 10. h3 Bb4 11. O-O-O Kc8 12. a3 Ba5 13. b4 Bb6 14. Nd4
a5 15. Nxe6 axb4 16. axb4 Ra1+ 17. Kb2 Rxd1 18. Nxd1 fxe6 19. Bd3 Bd4+ 20. Kb3
Nh5 21. Bh2 Be5 22. Be2 Nhf6 23. Bxe5 Nxe5 24. Nc3 1/2-1/2

[Event "4NCL Division 2b"]
[Site "Puma Hotel, Hinckley Island EN"]
[Date "2013.03.23"]
[Round "7.73"]
[White "Weller, Jean-Luc"]
[Black "Longson, Alexander"]
[Result "1/2-1/2"]
[WhiteElo "2176"]
[BlackElo "2270"]
[PlyCount "159"]
[EventDate "2013.03.23"]
[WhiteTeam "White Rose 2"]
[BlackTeam "3Cs 1"]

1. d4 Nf6 2. c4 e6 3. Nc3 d5 4. cxd5 exd5 5. Bg5 c6 6. e3 Bf5 7. Qf3 Bg6 8.
Bxf6 Qxf6 9. Qxf6 gxf6 10. h4 h5 11. Nge2 Bd6 12. Nf4 Nd7 13. Rc1 a5 14. f3 Nf8
15. g3 Ne6 16. Kf2 O-O 17. Bh3 f5 18. Rhg1 Kg7 19. Nce2 Kf6 20. Rcf1 Ra6 21.
Nc3 Raa8 22. Rc1 Rfe8 23. Bf1 Rad8 24. Bd3 Bb8 25. a3 Bd6 26. Rb1 Ra8 27. Rgc1
Kg7 28. Rg1 Be7 29. Nce2 Kh6 30. Rgc1 Bd6 31. Rc3 a4 32. Bc2 Re7 33. Rg1 Nf8
34. Bd1 Nd7 35. Bc2 Nf8 36. g4 fxg4 37. fxg4 hxg4 38. Rxg4 Bxf4 39. Nxf4 Bxc2
40. Rxc2 Nh7 41. Kf3 Rae8 42. Re2 Re4 43. Rg3 Nf8 44. Nd3 Rxh4 45. Ne5 Rxe5 46.
dxe5 Nd7 47. Rf2 Nxe5+ 48. Ke2 Rh5 49. Rf6+ Kh7 50. Kd2 Rh6 51. Rf4 b5 52. Kc3
c5 53. Rf1 f6 54. Rd1 Rh2 55. Rxd5 b4+ 56. axb4 cxb4+ 57. Kxb4 Rxb2+ 58. Kxa4
Rb7 59. Rd6 Rg7 60. Rh3+ Kg6 61. Rg3+ Kf7 62. Rxg7+ Kxg7 63. Kb4 Ng4 64. Rd3
Kg6 65. Kc5 f5 66. Kd4 Kg5 67. Ra3 Kf6 68. Ra8 Kg6 69. Kd3 Kg5 70. Ke2 Ne5 71.
Kf2 Ng6 72. Ra6 Ne5 73. Ra5 Kf6 74. Ra6+ Kf7 75. Ke2 Ke7 76. Kd2 Ng4 77. Kd3
Ne5+ 78. Kd4 Ng4 79. Rb6 Kf7 80. Rb1 1/2-1/2

[Event "4NCL Division 2b"]
[Site "Puma Hotel, Hinckley Island EN"]
[Date "2013.03.23"]
[Round "7.74"]
[White "Clarke, Stuart W"]
[Black "Shaw, Peter"]
[Result "0-1"]
[WhiteElo "2295"]
[BlackElo "2151"]
[PlyCount "80"]
[EventDate "2013.03.23"]
[WhiteTeam "3Cs 1"]
[BlackTeam "White Rose 2"]

1. e4 d6 2. d4 Nf6 3. Nc3 c6 4. Nge2 Nbd7 5. g3 e5 6. Bg2 Be7 7. h3 O-O 8. O-O
Re8 9. Be3 b5 10. a3 a6 11. Qd2 Bb7 12. b3 Qc7 13. f4 Rad8 14. g4 exd4 15. Nxd4
c5 16. Nf5 Bf8 17. Ng3 d5 18. Nxd5 Nxd5 19. exd5 Nb6 20. Qf2 Nxd5 21. Bxd5 Rxd5
22. Rae1 Rdd8 23. Kh2 Qc6 24. Rg1 c4 25. b4 g6 26. h4 Bg7 27. h5 Bc3 28. Re2
Qf3 29. Nf1 Qxf2+ 30. Rxf2 Rd1 31. Bc5 Ree1 32. h6 f6 33. g5 f5 34. Rg3 Rxf1
35. Rxf1 Rxf1 36. Rxc3 Rxf4 37. Bd6 Rg4 38. Rg3 Rh4+ 39. Rh3 Rg4 40. Bg3 f4 0-1

[Event "4NCL Division 2b"]
[Site "Puma Hotel, Hinckley Island EN"]
[Date "2013.03.23"]
[Round "7.75"]
[White "Weller, Pierre"]
[Black "Bentley, John L"]
[Result "0-1"]
[WhiteElo "2124"]
[BlackElo "2212"]
[PlyCount "128"]
[EventDate "2013.03.23"]
[WhiteTeam "White Rose 2"]
[BlackTeam "3Cs 1"]

1. d4 c5 2. d5 d6 3. c4 Nf6 4. Nc3 g6 5. Nf3 Bg7 6. h3 O-O 7. Bf4 Na6 8. e3 Nc7
9. Be2 a6 10. a4 b6 11. O-O Bd7 12. Rc1 b5 13. b3 Qb8 14. Qc2 Qb6 15. e4 b4 16.
Nb1 e5 17. Bg5 h6 18. Bxf6 Bxf6 19. g4 Ne8 20. Kh2 Qd8 21. Rg1 Bg7 22. Bd3 Nf6
23. Nbd2 Nh7 24. Rg3 Bf6 25. Rcg1 Ng5 26. Ne1 Kg7 27. Nf1 Rh8 28. Ne3 h5 29. f3
Kf8 30. Nd1 Qe7 31. Qd2 Ke8 32. Nf2 Kd8 33. gxh5 Rxh5 34. Ng4 Bxg4 35. fxg4 Rh7
36. Nf3 Kc7 37. Kg2 Rah8 38. Rh1 Nxf3 39. Rxf3 Bg5 40. Qf2 Bf4 41. Kf1 Qg5 42.
Ke1 Rh4 43. Qg2 a5 44. Ke2 R8h7 45. Rhf1 Kd7 46. Kd1 Ke7 47. Kc2 Qh6 48. Rh1
Ke8 49. Kd1 Bc1 50. Kc2 Be3 51. Kd1 Bd4 52. Qd2 Qxd2+ 53. Kxd2 Rxg4 54. hxg4
Rxh1 55. Rf1 Rh3 56. Bc2 Be3+ 57. Kd1 Rh2 58. Re1 Bf4 59. Re2 Rh1+ 60. Re1 Rh3
61. Rg1 Rh2 62. Re1 Ke7 63. Re2 Rh1+ 64. Re1 Rh3 0-1

[Event "4NCL Division 2b"]
[Site "Puma Hotel, Hinckley Island EN"]
[Date "2013.03.23"]
[Round "7.77"]
[White "Lewyk, Ihor"]
[Black "McKenna, Jason P"]
[Result "1/2-1/2"]
[WhiteElo "2067"]
[BlackElo "2146"]
[PlyCount "55"]
[EventDate "2013.03.23"]
[WhiteTeam "White Rose 2"]
[BlackTeam "3Cs 1"]

1. Nf3 g6 2. d4 Bg7 3. c3 d6 4. g3 Nf6 5. Bg2 O-O 6. O-O c6 7. Nbd2 Nbd7 8. e4
e5 9. dxe5 dxe5 10. Qc2 Re8 11. b3 Nc5 12. Ba3 Qd3 13. Qxd3 Nxd3 14. Rad1 Bf8
15. Bxf8 Kxf8 16. Nc4 Nc5 17. Nd6 Re7 18. Ng5 Be6 19. Nxe6+ Nxe6 20. Nc4 Nc5
21. f3 Nfd7 22. Bh3 Nb6 23. Ne3 h5 24. Rd6 Rae8 25. Rfd1 Ne6 26. Kf2 Ng5 27.
Bf1 Re6 28. h4 1/2-1/2